| 000 | 00853nam a2200229Ia 4500 | ||
|---|---|---|---|
| 003 | GCL | ||
| 008 | 140319s9999 xx 000 0 ara d | ||
| 020 | _a130344977 | ||
| 040 |
_aGCL / _cGCL |
||
| 082 | 0 | 4 |
_a305.23 _bم ب |
| 100 | 1 | _aمحمود شمال حسن | |
| 245 | 1 | 0 |
_aالبيئة والاطفال : _bدراسة نوعية البيئة واثرها فى تشكيل سلوك الاطفال / _cمحمود شمال حسن |
| 250 | _aالاولى | ||
| 260 |
_aالقاهرة : _bدار الافاق العربية ، _c2006 |
||
| 300 |
_a203ص ؛ _c24سم |
||
| 490 |
_aدراسات فى علم النفس الاجتماعى _v3 |
||
| 650 | 0 | 4 | _aالاجتماع التربوى - علم |
| 650 | 0 | 4 | _aالاطفال - علم نفس |
| 650 | 0 | 4 | _aالاطفال - رعاية |
| 650 | 0 | 4 | _aالاطفال - البيئة |
| 942 |
_2ddc _cBK |
||
| 999 |
_c8645 _d8645 |
||